| 000 | 00689cam a22002293a 4500 | ||
|---|---|---|---|
| 001 | 18251 | ||
| 003 | PGUSA | ||
| 005 | 20140828083404.0 | ||
| 008 | 060425s2006||||xxu|||||s|||||000 | eng d | ||
| 040 |
_aPGUSA _beng |
||
| 042 | _adc | ||
| 050 | 4 | _aPA | |
| 100 | 1 |
_aD'Ooge, Benjamin L. _q(Benjamin Leonard), _d1860-1940 |
|
| 245 | 1 | 0 |
_aLatin for Beginners _h[electronic resource] / _cBenjamin L. D'Ooge |
| 260 |
_bProject Gutenberg, _c2006 |
||
| 506 | _aPublic domain in the USA. | ||
| 516 | _aElectronic text | ||
| 653 | _aLatin language -- Grammar -- Problems, exercises, etc. | ||
| 830 | 0 |
_aProject Gutenberg _v18251 |
|
| 856 | 4 | 0 | _uhttp://www.gutenberg.org/ebooks/18251 |
| 942 | _cEB | ||
| 999 |
_c247506 _d247506 |
||